The MCU quiz - Statistics

General Stats
  • This quiz has been taken 163 times
  • The average score is 31 of 40
Answer Stats
Hint Answer % Correct
1 of the 6 infinity stones Time
100%
1 of the 6 infinity stones Power
99%
What stone did Peter Quill use in guardians of the galaxy vol 1? Power
99%
1 of the 6 infinity stones Reality
99%
The home of black panther? Wakanda
99%
Color of the space stone? Blue
98%
Color of the time stone? Green
98%
Color of the soul stone? Orange
98%
Color of the reality stone? Red
98%
1 of the 6 infinity stones Soul
98%
Color of the mind stone? Yellow
98%
Color of the power stone? Purple
97%
Who does Thanos sacrifice to obtain the soul stone? Gamora
96%
1 of the 6 infinity stones Mind
96%
1 of the 6 infinity stones Space
96%
Thor is the God of what? Thunder
95%
Who was Scarlet witches brother? Quicksilver
92%
what precious metal is Captain America's shield made from? Vibranium
92%
What was the AI called that helped to create vision? Jarvis
90%
Black Widow is an agent of what? Shield
87%
Who was the guide to the soul stone? Red skull
86%
What is Iron man's friend Rhodes alter ego? War machine
84%
Drax the what? Destroyer
82%
Who was Captain America's dance meant to be with? Peggy Carter
81%
What is the name of Thor's new axe? Stormbreaker
81%
Which stone did Doctor Strange use to view the possible outcomes in infinity war? Time stone
81%
What is used to contain the power of all 6 infinity stones? Infinity gauntlet
80%
what is the name of Thor's hammer? Mjolnir
80%
Thor's axe is forged from the heart of a dying what? Star
73%
Shield are infiltrated by what agency from the first avenger? Hydra
72%
how does Yondu control the yaka arrow? whistle
68%
What is the species of Thanos? Titan
66%
Ronan the what? Accuser
55%
What are the name of the pirates that looked after Peter Quill? Ravagers
50%
Who is the main villain in the film Black Panther? Erik Killmonger
49%
what planet is left to hold the power stone? Xandar
32%
Where is Thor's home? Asguard
14%
What is the name of the team Captain Marvel used to work with? Starforce
14%
What is the name of Ant man's daughter? Cassey
11%
what is the protocol on Peter Parker's suit called that records his daily life? Baby monitor
10%
No matching quizzes found
Score Distribution
Percent of People with Each Score
Percentile by Number Answered
Your Score History
You have not taken this quiz